The Big Nine Food Allergies - Statistics

General Stats
  • This quiz has been taken 35 times
  • The average score is 4 of 9
Answer Stats
Hint Answer % Correct
1 milk
88%
3 nuts
88%
6 wheat
63%
5 shellfish
53%
2 eggs
50%
4 fish
50%
7 soy
41%
9 crustaceans
9%
8 sesame
6%
No matching quizzes found
Score Distribution
Percent of People with Each Score
Percentile by Number Answered
Your Score History
You have not taken this quiz